Sport Nutrition for Health and Performance : (Record no. 595613)

MARC details
000 -LEADER
fixed length control field 00512nam a2200193 a 4500
008 - FIXED-LENGTH DATA ELEMENTS--GENERAL INFORMATION
fixed length control field 251104s2009##################000#0#eng##
020 ## - INTERNATIONAL STANDARD BOOK NUMBER
ISBN 9780736052955
082 04 - DEWEY DECIMAL CLASSIFICATION NUMBER
Classification number 613.2024
Item number MAN
100 1# - MAIN ENTRY--AUTHOR NAME
Personal name Manore, Melinda,
245 10 - TITLE STATEMENT
Title Sport Nutrition for Health and Performance :
260 ## - PUBLICATION, DISTRIBUTION, ETC. (IMPRINT)
Name of publisher Human Kinetics,
Year of publication 2009.
300 ## - PHYSICAL DESCRIPTION
Number of Pages 566 pages
650 #0 - SUBJECT ADDED ENTRY--TOPICAL TERM
Topical Term Cooking.
942 ## - ADDED ENTRY ELEMENTS (KOHA)
Koha item type English Books
Holdings
Withdrawn status Lost status Damaged status Not for loan Home library Current library Shelving location Date acquired Full call number Accession Number Price effective from Koha item type
        Anna Centenary Library Anna Centenary Library 5TH FLOOR, B WING 04.11.2025 613.2024 MAN 371465 04.11.2025 English Books

Find us on the map